00488 2200181 4500001002100000005001500021035002000036007000300056008004100059082001000100084001600110100002300126245004800149260003700197300004600234650001000280990001600290INLIS00000000000036920221026114027 a0010-1022000111ta221026 a 1 ind  a398.2 a398.2 TIM p0 aTim KDS Publishing1 aPhinocchio :bPinokio /cTim KDS Publishing aJakarta :bKDS Publishing,c2014 a13 halaman :bilustrasi berwarna ;c16 cm 4aFiksi a00000000467